000 00555nam a2200181Ia 4500
008 151018s9999 xx 000 0 und d
082 _bRBASDV6488
_a891.462
100 _aविनायक देवरुखकर
245 _aडॉ.कैलास
250 _b4
260 _bजोशी के वा
_c1962
300 _a70
600 _aविनायक देवरुखकर
630 _aडॉ.कैलास
700 _aविनायक देवरुखकर
730 _aडॉ.कैलास
942 _cBOOK
999 _c1008862
_d1008859